| 000 | 00819nam a2200181Ia 4500 | ||
|---|---|---|---|
| 999 |
_c51828 _d51828 |
||
| 001 | 18824 | ||
| 003 | GE_BSU | ||
| 005 | 20240320162736.0 | ||
| 008 | 181216c2015||||ge |||||||||||||| ||geo|| | ||
| 022 | _a15120880 | ||
| 041 | _ageo | ||
| 245 |
_aსაქართველოს ბიბლიოთეკა : _b2015. კულტურულ-საგანმანათლებლო სამეცნიერო-პოპულარული მეთოდური ჟურნალი / _cრედ.: ალექსანდრე ლორია, გურამ თაყნიაშვილი. |
||
| 260 |
_c2016. _aთბილისი, |
||
| 300 | _aV. | ||
| 653 | _aპერიოდიკა | ||
| 653 | _aსაქართველოს ბიბლიოთეკა | ||
| 942 |
_cCR _2udc |
||